History Quiz

Random History or Century Quiz

True or False Blitz: 18th Century Quiz Stats

 Plays Quiz Updated Jul 30, 2018

Score 0/20 Timer 02:00
2 Plays Today
Question Answer Wrong Answers
UNITED STATES: The US declared independence in 1776. True
92.4%
False
7.6%
OTTOMAN EMPIRE: The capital of the Ottoman Empire in the 18th Century was Constantinople. True
81.5%
False
13.3%
ECONOMICS: Adam Smith wrote 'The Wealth of Nations'. True
81.1%
False
10.8%
EUROPE: Frederick the Great was a ruler of Prussia. True
79.9%
False
17.6%
LITERATURE: 'Robinson Crusoe' was written by Daniel Defoe. True
79%
False
20.7%
PIRATES: Edward Teach was better known as Blackbeard. True
77.3%
False
21.9%
FRANCE: The King executed during the French Revolution was Louis XVI. True
74.3%
False
21%
MUSIC: Joseph Haydn was Austrian. True
71.1%
False
18.9%
SCIENCE: Jupiter was first discovered in the 18th Century. False
70.7%
True
28.1%
RELIGION: Sikhism was founded in the 18th Century. False
70.2%
True
28.1%
AFRICA: The Rosetta Stone was discovered in Libya. False
66.2%
True
26.5%
MEDICINE: The first smallpox vaccine was administered by Edward Jenner. True
66%
False
31.2%
MUSIC: The Baroque era came before the Classical era. True
65.6%
False
32.3%
EXPLORERS: James Cook died in Australia. False
60.4%
True
36.5%
CARIBBEAN: Toussaint L'Ouverture was a revolutionary leader in Jamaica. False
58%
True
36.3%
SCIENCE: Carbon dioxide was discovered by Joseph Lister. False
47.7%
True
45.6%
ART: The Arc de Triomphe was built during the 18th Century. False
46.3%
True
47.5%
UK: The Kingdom of Great Britain was founded in the 18th Century. True
37.8%
False
58.1%
AFRICA: Freed slaves founded Freetown, now the capital of Liberia. False
33.9%
True
62.5%
INVENTIONS: Anders Celsius invented the mercury thermometer. False
28.6%
True
62.4%

You're not logged in!

Compare scores with friends on all Sporcle quizzes.
OR
Log In

Sporcle TV

Today on Sporcle TV


Watch our educational content, quiz creation guides, and fun videos on Sporcle TV.

Show Comments

Extras

Top Quizzes Today


Score Distribution

Your Account Isn't Verified!

In order to create a playlist on Sporcle, you need to verify the email address you used during registration. Go to your Sporcle Settings to finish the process.

Report this User

Report this user for behavior that violates our Community Guidelines.

Details: